01212cas a2200289 a 450000100060000000300090000600500170001500800410003203500170007303500200009003500180011004000480012804100080017608200280018411000400021224500740025224600420032626000390036830000170040750001000042450000590052450500460058358001020062961000190073165100510075077201210080144904BD-RJUL 20211209053932.0160721s1971 nyu x i0 0eng d aMITb10914757 a(OCoLC)05023114 aBD-RJUL 45022 aAZScAZSdNYGdOCLdEYMdMYGdBD-RJUL beng aeng 223 a341.232bREP 1971 2 aUnited Nations.bSecretary-General.10aRepertory of practice of United Nations organs : pSupplement no 3 / 13aRepertory of United Nations practice. aNew York :bUnited Nations,c1971  av. ;c28 cm. a"This Supplement should be cited as follows: Repertory of United Nations practice, Supplement." aIssued with United Nations publications sales numbers. aVol 2, Articles 23-72 of the charter ---  aSupplement to: United Nations. Secretary-General. Repertory of practice of United Nations organs.20aUnited Nations 3 aUnited Nations x Rules and practice1 aUnited Nations. Secretary-General.tRepertory of practice of United Nations organsw(DLC) 55013600w(OCoLC)29299676